000 00499 a2200181 4500
001 066113
003 OSt
005 20210914142537.0
008
082 _a808
_bH31T
100 1 _aHawkes, Terence
245 1 _aStructuralism and semiotics
_cby Terence Hawkes
250 _a2nd ed.
260 _aLondon
_bRoutledge
_c2009
300 _a176p.
690 _aSemiotics; Structuralism (Literary analysis); Structural linguistics; Structuralism
942 _2ddc
_cBK
999 _c304
_d304